The Simpsons Quiz - Statistics

General Stats
  • This quiz has been taken 28 times
  • The average score is 9 of 15
Answer Stats
Question Answer % Correct
What is Homers Middle name? Jay
100%
Who founded Springfield? Jebediah Springfield
89%
What are the names of Marges twin sisters? Patty and Selma
89%
What is Springfields neighbour and rival city called? Shelbyville
89%
Milhouse is one of the few residents of Springfield with which of the following traits? Eyebrows
78%
What number is the current Snowball owned by the Simpson family V
78%
Bart is thought to be a genius after he swaps his test results with which other student? Martin
67%
Where did Homer and Marge get married? Shotgun Pete's 24-hour Wedding Chapel
56%
What is the name of Ned Flander's store at the Springfield Mall? The Leftorium
56%
The show then starting airing regularly in which year? 1990
44%
The Simpsons originally debuted as a special episode for which holiday? Christmas
44%
When did the Simpsons the movie come out? 2007
33%
Which celebrity did not play their own part in the show? Tom Cruise
33%
Which US President was Milhouse names after? Richard Nixon
22%
How many episodes of the simpsons is there? 745
11%
No matching quizzes found
Score Distribution
Percent of People with Each Score
Percentile by Number Answered
Your Score History
You have not taken this quiz